00193nam a22000617a 4500082001800000245010100018300001200119 a923.2549bQUA aQuaid-i-Azam Mohammad Ali Jinnah (Album) /Prepared by Cabinet Division cServices Book Club 1997 a175p. ;